Statistiques concernant Frontières chinoises

Cliquez ici pour prendre le quiz!

Statistiques générales

  • Ce quiz a été pris 42 847 fois
    (41 723 depuis la dernière actualisation)
  • Le résultat moyen est 12 sur 14

Statistiques - réponses

longueurpays% Correct
4 677 kmMongolie
98%
3 605 kmRussie
98%
3 380 kmInde
96%
1 416 kmCorée du Nord
93%
1 236 kmNépal
89%
1 281 kmViêt Nam
89%
1 533 kmKazakhstan
85%
423 kmLaos
85%
523 kmPakistan
84%
470 kmBhoutan
78%
2 185 kmBirmanie
78%
414 kmTadjikistan
74%
76 kmAfghanistan
73%
858 kmKirghizistan
73%

Distribution des résultats

Percentile par nombre de réponses

% des personnes avec chaque résultat

Votre développement - résultats

Vous n’avez pas pris ce quiz depuis la dernière actualisation